000 00311nam a2200133Ia 4500
100 _aKrishnamurthy/ V.
942 _cBK
654 _aCombinatorics
245 _aCombinatorics: Theory & Applications
260 _bEast- West Press
_aNew Delhi
_c1993
082 _a511.6
_bPAN
546 _aENGLISH
999 _c35079
_d35079